00874nam a2200181 a 450000100100000000500170001000800410002704000250006808200080009311001280010124501080022926000800033730000270041704900090044495201080045395201140056199900170067500002892920200930055226.0110412s1999 dr a 000 0 spa d aDO-SdBNPbspacBNPHU axxx0 aPontificia Universidad Católica Madre y Maestra (PUCMM)bProyecto para el apoyo a Iniciativas Democráticas (PID)95588110a7 años de compromiso con la democracia 92-99 :bProyecto para el apoyo a iniciativas democráticas/. aSanto Domingo :bPontificia Universidad Católica Madre y Maestra ,c1999. a67 p. :bil. ;c28 cm. aBNPD 0010718PDaPDbPDcHDd2011-04-12iLF1l0oxxx p28929-10r2020-06-25w2020-06-25yLFPDZNo se presta 0010718PDaPDbPDcCTd2011-04-12iLF1l0oxxx p28929-20r2020-06-25te. 2w2020-06-25yLFPDZNo se presta c28421d28421